[Event "FRA Cup"]
[Site "Hautes Pyrenees"]
[Date "2002.12.15"]
[Round "2"]
[White "Boukandoura, Jean"]
[Black "Langlois, Jerome"]
[Result "0-1"]
[WhiteElo "1499"]
[BlackElo "1620"]
[PlyCount "70"]
[EventDate "2002.12.15"]
[EventType "team-tourn"]
[EventRounds "3"]
[EventCountry "FRA"]
[SourceTitle "EXT 2004"]
[Source "ChessBase"]
[SourceDate "2003.11.25"]
[SourceVersion "1"]
[SourceVersionDate "2003.11.25"]
[SourceQuality "1"]

1. e4 e5 2. Nf3 Nc6 3. d3 Bc5 4. Bg5 Nge7 5. c3 0-0 6. b4 Bb6 7. Na3 d6 8. Nc4 f5 9. b5 Nb8 10. Qb3 Be6 11. Be2 Nd7 12. 0-0 Nc5 13. Qa3 Bxc4 14. dxc4 Nxe4 15. Qb3 Nc5 16. Qd1 h6 17. Bh4 g5 18. Nxg5 hxg5 19. Bxg5 Ne4 20. Bh4 Nxc3 21. Qd2 Nxe2+ 22. Qxe2 Rf7 23. Rad1 Qf8 24. Qh5 Rh7 25. Qg5+ Rg7 26. Qh6 Ng6 27. Bg3 f4 28. Bh4 Qf5 29. Kh1 Rh7 30. Qg5 Qxg5 31. Bxg5 Rh5 32. Bf6 Kf7 33. Bxe5 Nxe5 34. Rc1 Rah8 35. h3 f3 0-1